[Event "Barcelona Tres Peons-A 46th"]
[Site "Barcelona"]
[Date "2017.04.28"]
[Round "2.1"]
[White "Clanchet Olle, Josep"]
[Black "Catarineu Navines, Federico"]
[Result "0-1"]
[WhiteElo "1693"]
[BlackElo "1940"]
[PlyCount "90"]
[EventDate "2017.04.21"]
[EventType "swiss"]
[EventRounds "9"]
[EventCountry "ESP"]
[SourceTitle "EXT 2024"]
[Source "ChessBase"]
[SourceDate "2023.10.10"]
[SourceVersion "1"]
[SourceVersionDate "2023.10.10"]
[SourceQuality "1"]

1. e4 d6 2. d4 Nf6 3. Nc3 g6 4. Bg5 Bg7 5. Nf3 c6 6. Bc4 b5 7. Bxf6 Bxf6 8. e5 bxc4 9. exf6 exf6 10. 0-0 d5 11. Re1+ Be6 12. Ne2 0-0 13. Nf4 Re8 14. Qd2 Kg7 15. Re2 Nd7 16. Rae1 Nf8 17. h4 Qd6 18. h5 Bd7 19. Rxe8 Rxe8 20. Rxe8 Bxe8 21. Qe3 Bd7 22. hxg6 fxg6 23. c3 g5 24. Nh5+ Kg6 25. Ng3 h5 26. b3 cxb3 27. Qd3+ Kh6 28. axb3 h4 29. Nf5+ Bxf5 30. Qxf5 Qe6 31. Qd3 Ng6 32. c4 g4 33. Qd2+ Kh5 34. cxd5 cxd5 35. Ne1 Qe4 36. Nc2 Nf4 37. Ne3 h3 38. g3 Ng2 39. Qe2 Nxe3 40. fxe3 Qf3 41. Qc2 Qxg3+ 42. Kh1 Qf3+ 43. Kh2 Kg5 44. Qd2 Kh4 45. Kg1 g3 0-1

[Event "Barcelona Tres Peons-A 46th"]
[Site "Barcelona"]
[Date "2017.04.21"]
[Round "1.4"]
[White "Vargas Drechsler, Carlos"]
[Black "Catarineu Navines, Federico"]
[Result "1/2-1/2"]
[WhiteElo "1964"]
[BlackElo "1940"]
[PlyCount "46"]
[EventDate "2017.04.21"]
[EventType "swiss"]
[EventRounds "9"]
[EventCountry "ESP"]
[SourceTitle "EXT 2024"]
[Source "ChessBase"]
[SourceDate "2023.10.10"]
[SourceVersion "1"]
[SourceVersionDate "2023.10.10"]
[SourceQuality "1"]

1. d4 Nf6 2. Nf3 c5 3. g3 cxd4 4. Nxd4 e5 5. Nb3 d5 6. Bg2 Nc6 7. 0-0 Be7 8. Nc3 d4 9. Ne4 Nxe4 10. Bxe4 0-0 11. e3 f5 12. Bg2 dxe3 13. Bxe3 Qc7 14. Bd5+ Kh8 15. Qh5 g6 16. Qh6 Nb4 17. c4 Bd7 18. h4 Nxd5 19. cxd5 Bf6 20. Rac1 Qd8 21. Bc5 Re8 22. Bd6 Bb5 23. Rc7 Bd7 1/2-1/2

[Event "Barcelona Sants op-B 18th"]
[Site "Barcelona"]
[Date "2016.08.26"]
[Round "8"]
[White "Catarineu Navines, Federico"]
[Black "Ayala Abenza, Jose Luis"]
[Result "1-0"]
[WhiteElo "1899"]
[BlackElo "2071"]
[PlyCount "77"]
[EventDate "2016.08.19"]
[EventType "swiss"]
[EventRounds "10"]
[EventCountry "ESP"]
[SourceTitle "CBM 174 Extra"]
[Source "ChessBase"]
[SourceDate "2016.10.10"]
[SourceVersion "1"]
[SourceVersionDate "2016.10.10"]
[SourceQuality "1"]

1. d4 e6 2. Nf3 d5 3. e3 Nf6 4. Nbd2 Ne4 5. Nxe4 dxe4 6. Ne5 g6 7. f4 Bg7 8. Be2 0-0 9. 0-0 Nd7 10. Bd2 c5 11. c3 Qc7 12. Rc1 Rd8 13. Qc2 f5 14. Rfd1 Nf6 15. b4 b6 16. Qb3 Kh8 17. Bc4 Nd5 18. b5 Bb7 19. Be2 Rac8 20. c4 Nf6 21. dxc5 bxc5 22. Bc3 Rf8 23. a4 Rcd8 24. Qb2 Qe7 25. Rd2 Kg8 26. Rcd1 Qc7 27. Qa3 Rxd2 28. Rxd2 Rd8 29. Rxd8+ Qxd8 30. Qxc5 Ng4 31. Bxg4 fxg4 32. Qd4 Qc8 33. c5 Bd5 34. c6 a6 35. Qc5 axb5 36. axb5 h5 37. Nxg6 Qd8 38. Bxg7 Kxg7 39. Qe7+ 1-0

[Event "Badalona op-B 40th"]
[Site "Badalona"]
[Date "2014.08.03"]
[Round "2"]
[White "Catarineu Navines, Federico"]
[Black "Garcia Punzano, Josep Lluis"]
[Result "1-0"]
[WhiteElo "2075"]
[BlackElo "1950"]
[PlyCount "121"]
[EventDate "2014.08.02"]
[EventType "swiss"]
[EventRounds "9"]
[EventCountry "ESP"]
[SourceTitle "EXT 2015"]
[Source "ChessBase"]
[SourceDate "2014.11.20"]
[SourceVersion "1"]
[SourceVersionDate "2014.11.20"]
[SourceQuality "1"]

1. d4 Nf6 2. c4 g6 3. Nc3 Bg7 4. e4 d6 5. f4 0-0 6. Nf3 c5 7. d5 e6 8. dxe6 fxe6 9. Bd3 Nc6 10. 0-0 a6 11. Kh1 Nh5 12. g3 Nd4 13. Nxd4 cxd4 14. Nb1 b6 15. Nd2 Bb7 16. Nf3 Qc8 17. Kg1 Nf6 18. Qe2 Nd7 19. b4 a5 20. Bb2 e5 21. fxe5 dxe5 22. a3 Qe8 23. c5 h6 24. cxb6 axb4 25. axb4 Nxb6 26. Rxa8 Bxa8 27. b5 Kh7 28. Ra1 Bb7 29. Ba3 Rf7 30. Kg2 Bf8 31. Bc1 Bg7 32. Bd2 Qe7 33. Bc2 Qc5 34. Bd3 Nd7 35. Rc1 Qb6 36. Nh4 Nc5 37. Bb4 Nxd3 38. Qxd3 Qe6 39. Nf3 Qg4 40. Re1 Bc8 41. Bd6 Qe6 42. Bc5 Rc7 43. Bb4 Qb6 44. Rb1 Bd7 45. Bd2 Rb7 46. Qa3 Bxb5 47. Qa8 Bf1+ 48. Rxf1 Qb5 49. Rf2 Rd7 50. Qe8 Qb7 51. Re2 Re7 52. Qd8 Bf6 53. Qa5 Qb3 54. Qa6 Rf7 55. Rf2 Kg7 56. Qa8 Be7 57. Qd5 Qxd5 58. exd5 e4 59. Nxd4 Bc5 60. Be3 Rd7 61. Ne6+ 1-0

[Event "Foment Martinenc op-A 16th"]
[Site "Barcelona"]
[Date "2014.05.10"]
[Round "3"]
[White "Aguadero Casado, Jorge Ignacio"]
[Black "Catarineu Navines, Federico"]
[Result "0-1"]
[WhiteElo "1920"]
[BlackElo "1920"]
[PlyCount "47"]
[EventDate "2014.04.26"]
[EventType "swiss"]
[EventRounds "9"]
[EventCountry "ESP"]
[SourceTitle "EXT 2015"]
[Source "ChessBase"]
[SourceDate "2014.11.20"]
[SourceVersion "1"]
[SourceVersionDate "2014.11.20"]
[SourceQuality "1"]

1. c4 e5 2. g3 d6 3. Bg2 g6 4. Nf3 e4 5. Nd4 Bg7 6. e3 Nf6 7. Nc3 0-0 8. 0-0 Re8 9. Qc2 Qe7 10. a3 c5 11. Nde2 Nc6 12. Nf4 Bf5 13. h3 h5 14. b3 Qd7 15. Kh2 g5 16. Nfe2 Ne5 17. Ng1 Nf3+ 18. Kh1 Nxg1 19. Kxg1 Bxh3 20. Bb2 Qf5 21. f4 Qg4 22. Kh2 Bxg2 23. Kxg2 h4 24. Qd1 0-1

[Event "Foment Martinenc op-A 16th"]
[Site "Barcelona"]
[Date "2014.05.03"]
[Round "2"]
[White "Catarineu Navines, Federico"]
[Black "Fernandez Pena, Pere Emilio"]
[Result "0-1"]
[WhiteElo "1920"]
[BlackElo "2181"]
[PlyCount "78"]
[EventDate "2014.04.26"]
[EventType "swiss"]
[EventRounds "9"]
[EventCountry "ESP"]
[SourceTitle "EXT 2015"]
[Source "ChessBase"]
[SourceDate "2014.11.20"]
[SourceVersion "1"]
[SourceVersionDate "2014.11.20"]
[SourceQuality "1"]

1. d4 Nf6 2. c4 e6 3. Nc3 Bb4 4. f3 d5 5. a3 Bxc3+ 6. bxc3 c5 7. e3 0-0 8. cxd5 exd5 9. Bd3 b6 10. Ne2 Ba6 11. 0-0 Bxd3 12. Qxd3 Nc6 13. Ng3 Re8 14. Bb2 Na5 15. Rad1 Nc4 16. Bc1 cxd4 17. cxd4 b5 18. e4 Qb6 19. Kh1 a5 20. e5 Nd7 21. f4 f6 22. Qf3 Qc6 23. Qg4 Kh8 24. Rfe1 Nf8 25. Nh5 Ra7 26. exf6 g6 27. Rxe8 Qxe8 28. Ng3 Rf7 29. f5 Rxf6 30. Bg5 Rf7 31. Qh4 b4 32. Bf6+ Kg8 33. axb4 axb4 34. fxg6 Nxg6 35. Qg5 Qe6 36. Nh5 b3 37. Ra1 b2 38. Ra8+ Rf8 39. Rxf8+ Kxf8 0-1

[Event "Foment Martinenc op-A 16th"]
[Site "Barcelona"]
[Date "2014.04.26"]
[Round "1"]
[White "Valls Marti, Artur"]
[Black "Catarineu Navines, Federico"]
[Result "1/2-1/2"]
[WhiteElo "2207"]
[BlackElo "1920"]
[PlyCount "119"]
[EventDate "2014.04.26"]
[EventType "swiss"]
[EventRounds "9"]
[EventCountry "ESP"]
[SourceTitle "EXT 2015"]
[Source "ChessBase"]
[SourceDate "2014.11.20"]
[SourceVersion "1"]
[SourceVersionDate "2014.11.20"]
[SourceQuality "1"]

1. e4 c5 2. Nf3 d6 3. d4 cxd4 4. Nxd4 Nf6 5. Nc3 a6 6. Bg5 e6 7. f4 Nc6 8. Nxc6 bxc6 9. e5 h6 10. Bh4 g5 11. fxg5 Nd5 12. Qf3 hxg5 13. Bg3 Qa5 14. Bc4 Bb7 15. 0-0 Qc5+ 16. Kh1 f5 17. Bb3 g4 18. Qd3 Nxc3 19. Bxe6 Ne4 20. Bxf5 Nxg3+ 21. Qxg3 d5 22. Qxg4 Be7 23. b4 Qc4 24. Rf4 Qc3 25. Raf1 Qxe5 26. Qg3 Kd8 27. Re1 Qd6 28. Bh3 Bc8 29. Qg7 Rf8 30. Rxf8+ Bxf8 31. Qf7 Be7 32. Qg8+ Kc7 33. Qh7 Bxh3 34. Rxe7+ Bd7 35. Qh4 Rf8 36. Re1 Rf4 37. Qg3 Re4 38. Qf2 Qxb4 39. Rd1 d4 40. h3 Qd6 41. Rd3 c5 42. Rb3 Ba4 43. Rb1 Bc6 44. Qf7+ Qe7 45. Qf2 Qh4 46. Qf7+ Re7 47. Qf5 Re1+ 48. Rxe1 Qxe1+ 49. Kh2 Qe4 50. Qf7+ Kb6 51. Qb3+ Kc7 52. Qf7+ Kd6 53. Qf6+ Kd5 54. Qf7+ Qe6 55. Qf3+ Kd6 56. Qf8+ Kd5 57. Qf3+ Qe4 58. Qf7+ Kd6 59. Qf6+ Kc7 60. Qf7+ 1/2-1/2

[Event "Barcelona U2000 op"]
[Site "Barcelona"]
[Date "2013.06.24"]
[Round "6.3"]
[White "Nadal Fajardo, Ricard"]
[Black "Catarineu Navines, Federico"]
[Result "0-1"]
[WhiteElo "1932"]
[BlackElo "1916"]
[PlyCount "74"]
[EventDate "2013.06.22"]
[EventType "swiss"]
[EventRounds "7"]
[EventCountry "ESP"]
[SourceTitle "EXT 2024"]
[Source "ChessBase"]
[SourceDate "2023.10.10"]
[SourceVersion "1"]
[SourceVersionDate "2023.10.10"]
[SourceQuality "1"]

1. e4 c5 2. Nf3 d6 3. Bb5+ Bd7 4. Bxd7+ Qxd7 5. 0-0 Nc6 6. b3 Nf6 7. Re1 e6 8. Bb2 Be7 9. d3 d5 10. Nbd2 0-0-0 11. e5 Ng4 12. c3 h5 13. d4 g5 14. Nf1 Nh6 15. Qd3 g4 16. N3d2 cxd4 17. cxd4 Nf5 18. Ne3 Nb4 19. Qe2 Kb8 20. Nxf5 exf5 21. Rec1 Bg5 22. a3 Nc6 23. Rc2 Ne7 24. Rac1 Rc8 25. Rxc8+ Rxc8 26. Rxc8+ Qxc8 27. Qd3 Ng6 28. g3 h4 29. b4 h3 30. Nb3 Qc4 31. Qxc4 dxc4 32. Na5 b5 33. Kf1 Ne7 34. Ke2 Kc7 35. Kd1 Nd5 36. Kc2 f4 37. a4 a6 0-1

[Event "Barcelona Primavera La Lira op 6th"]
[Site "Barcelona"]
[Date "2013.04.25"]
[Round "3"]
[White "Leiro Giralt, Daniel"]
[Black "Catarineu Navines, Federico"]
[Result "1-0"]
[WhiteElo "2187"]
[BlackElo "1934"]
[PlyCount "60"]
[EventDate "2013.04.11"]
[EventType "swiss"]
[EventRounds "9"]
[EventCountry "ESP"]
[SourceTitle "CBM 154 Extra"]
[Source "ChessBase"]
[SourceDate "2013.06.25"]
[SourceVersion "2"]
[SourceVersionDate "2013.06.25"]
[SourceQuality "1"]

1. e4 c5 2. Nc3 d6 3. Nge2 Nc6 4. g3 g6 5. d4 cxd4 6. Nxd4 Bg7 7. Nde2 Nf6 8. Bg2 0-0 9. 0-0 Bd7 10. h3 Ne5 11. a4 Rc8 12. Ra2 Be6 13. Nd5 Nxd5 14. exd5 Bf5 15. b3 h5 16. Nd4 Qd7 17. f4 Nd3 18. Nxf5 Nb4 19. Nxg7 Nxa2 20. Bb2 Nb4 21. c4 e6 22. Qd4 e5 23. fxe5 dxe5 24. Nxh5 f6 25. Qd2 gxh5 26. Qxb4 b6 27. Qd2 Qg7 28. Kh2 f5 29. Qe2 Qg6 30. Qxe5 Rce8 1-0

[Event "Barcelona Primavera La Lira op 6th"]
[Site "Barcelona"]
[Date "2013.04.11"]
[Round "1"]
[White "Masferrer Andreu, Josep Miquel"]
[Black "Catarineu Navines, Federico"]
[Result "0-1"]
[WhiteElo "1635"]
[BlackElo "1934"]
[PlyCount "94"]
[EventDate "2013.04.11"]
[EventType "swiss"]
[EventRounds "9"]
[EventCountry "ESP"]
[SourceTitle "CBM 154 Extra"]
[Source "ChessBase"]
[SourceDate "2013.06.25"]
[SourceVersion "2"]
[SourceVersionDate "2013.06.25"]
[SourceQuality "1"]

1. d4 Nf6 2. c4 e5 3. dxe5 Ne4 4. Nf3 Bb4+ 5. Bd2 Nxd2 6. Nbxd2 Nc6 7. e3 Qe7 8. a3 Bxd2+ 9. Qxd2 b6 10. Be2 Bb7 11. Rd1 0-0-0 12. 0-0 g5 13. h3 h5 14. Nd4 Nxe5 15. Nf5 Qe6 16. Nd4 Qg6 17. f3 g4 18. Bd3 Nxd3 19. Qxd3 Rhg8 20. Qxg6 Rxg6 21. Kh2 Rdg8 22. Rd2 gxh3 23. gxh3 Kd8 24. Rff2 d6 25. e4 Bc8 26. h4 Rg3 27. Rg2 Rh3+ 28. Kg1 Rxg2+ 29. Rxg2 Bd7 30. Rh2 Rxh2 31. Kxh2 c5 32. Ne2 f5 33. Ng3 fxe4 34. Nxe4 Ke7 35. Kg3 Be6 36. Nd2 d5 37. cxd5 Bxd5 38. Kf4 Kf6 39. Ne4+ Kg6 40. Ke5 Bb7 41. f4 Bxe4 42. Kxe4 Kf6 43. a4 Ke6 44. b3 a6 45. Kd3 Kf5 46. Ke3 b5 47. axb5 axb5 0-1

[Event "Barcelona La Lira op 31st"]
[Site "Barcelona"]
[Date "2013.02.08"]
[Round "4"]
[White "Catarineu Navines, Federico"]
[Black "Martinez Hernandez, Emili"]
[Result "1-0"]
[WhiteElo "1916"]
[BlackElo "1734"]
[PlyCount "123"]
[EventDate "2013.01.18"]
[EventType "swiss"]
[EventRounds "8"]
[EventCountry "ESP"]
[SourceTitle "EXT 2014"]
[Source "ChessBase"]
[SourceDate "2013.11.20"]
[SourceVersion "1"]
[SourceVersionDate "2013.11.20"]
[SourceQuality "1"]

1. d4 Nf6 2. c4 g6 3. Nc3 d5 4. cxd5 Nxd5 5. Bd2 Bg7 6. e4 Nxc3 7. Bxc3 0-0 8. Nf3 c6 9. Be2 Nd7 10. Qc2 Re8 11. Rd1 Qc7 12. h4 Nf6 13. Ne5 Nd7 14. Nxd7 Bxd7 15. h5 Rad8 16. hxg6 fxg6 17. Bc4+ e6 18. Rd3 b5 19. Bb3 a5 20. a3 c5 21. dxc5 Qxc5 22. Bxa5 Qxc2 23. Bxc2 Rc8 24. Bc3 Bc6 25. Rdh3 Bxc3+ 26. Rxc3 Bb7 27. Rhh3 Kg7 28. Rhd3 Kf6 29. Rd7 Rxc3 30. bxc3 Bc6 31. Rxh7 Ra8 32. Rc7 Be8 33. f4 e5 34. g3 Rxa3 35. Rc5 Ra1+ 36. Bd1 exf4 37. gxf4 Bd7 38. Kd2 Ra2+ 39. Bc2 Ke7 40. Rg5 Bc6 41. Kc1 Ra1+ 42. Kb2 Re1 43. Re5+ Kf6 44. Bd3 Re3 45. Kc2 Rf3 46. Rc5 Rf2+ 47. Kb3 Bd7 48. e5+ Ke7 49. Bxg6 Rxf4 50. Bd3 Be6+ 51. Kc2 Bc4 52. Bxc4 bxc4 53. Kb2 Ke6 54. Ka3 Re4 55. Kb4 Rxe5 56. Rxe5+ Kxe5 57. Kxc4 Kd6 58. Kb5 Kd7 59. Kb6 Kd8 60. c4 Kd7 61. c5 Kd8 62. Kb7 1-0

[Event "Barcelona La Lira-A 15th"]
[Site "Barcelona"]
[Date "2012.07.25"]
[Round "5"]
[White "Herms Agullo, Jordi"]
[Black "Catarineu Navines, Federico"]
[Result "0-1"]
[WhiteElo "2095"]
[BlackElo "1965"]
[PlyCount "96"]
[EventDate "2012.07.21"]
[EventType "tourn"]
[EventRounds "9"]
[EventCountry "ESP"]
[SourceTitle "EXT 2014"]
[Source "ChessBase"]
[SourceDate "2013.11.20"]
[SourceVersion "1"]
[SourceVersionDate "2013.11.20"]
[SourceQuality "1"]

1. e4 c5 2. Nf3 d6 3. d4 cxd4 4. Nxd4 Nf6 5. Nc3 a6 6. Bg5 e6 7. f4 Nc6 8. Nxc6 bxc6 9. e5 h6 10. Bh4 dxe5 11. Qxd8+ Kxd8 12. fxe5 g5 13. exf6 gxh4 14. 0-0-0+ Kc7 15. Be2 Bd6 16. Ne4 Be5 17. Bh5 Rb8 18. c3 Rf8 19. b3 Rb5 20. g4 Rd5 21. h3 Bf4+ 22. Kc2 e5 23. c4 Rd4 24. Rxd4 exd4 25. Rf1 Be3 26. Kd3 a5 27. a4 Be6 28. Nc5 Bc8 29. Rb1 Kb6 30. Ne4 c5 31. Nd6 Be6 32. Rf1 Kc6 33. Nf5 Bg5 34. Ng7 Bc8 35. Rf2 Kd6 36. Nf5+ Ke5 37. Ne7 Bd7 38. Nd5 Be6 39. Ne7 Kd6 40. Nf5+ Ke5 41. Ne7 Kd6 42. Nf5+ Kd7 43. Ng7 Rb8 44. Kc2 d3+ 45. Kc3 d2 46. Rf1 Bxf6+ 47. Kxd2 Bxg7 48. Bxf7 Rxb3 0-1

[Event "Barcelona Primavera La Lira op 5th"]
[Site "Barcelona"]
[Date "2012.06.14"]
[Round "9"]
[White "Catarineu Navines, Federico"]
[Black "Serrano Pertinez, Miquel"]
[Result "0-1"]
[WhiteElo "1965"]
[BlackElo "2086"]
[PlyCount "102"]
[EventDate "2012.04.19"]
[EventType "swiss"]
[EventRounds "9"]
[EventCountry "ESP"]
[SourceTitle "CBM 148 Extra"]
[Source "ChessBase"]
[SourceDate "2012.06.22"]
[SourceVersion "1"]
[SourceVersionDate "2012.06.22"]
[SourceQuality "1"]

1. d4 e6 2. c4 b6 3. e4 Bb7 4. Nc3 Bb4 5. Bd3 f5 6. Qe2 Nf6 7. Bg5 fxe4 8. Bxe4 Bxe4 9. Bxf6 Qxf6 10. Qxe4 0-0 11. Nf3 Bxc3+ 12. bxc3 Nc6 13. 0-0 Qf5 14. Qxf5 Rxf5 15. Nd2 Raf8 16. f3 Na5 17. Rfe1 R8f6 18. Kf2 Rh6 19. h3 Nb7 20. Ke3 Nd6 21. Kd3 Rg6 22. Re2 h5 23. g4 Rff6 24. Rb1 Nf7 25. Ke3 hxg4 26. hxg4 d5 27. Rg2 Nd6 28. c5 Nf5+ 29. Kf2 Ne7 30. cxb6 cxb6 31. Rb5 Rf8 32. Ke3 Rc8 33. Kd3 Rh6 34. a4 Nc6 35. Nb3 Rh3 36. Rf2 Kf7 37. a5 bxa5 38. Nxa5 a6 39. Rc5 Ne5+ 40. Ke2 Rxc5 41. dxc5 Ke7 42. f4 Nxg4 43. Rg2 Rh2 44. Rxh2 Nxh2 45. Nc6+ Ke8 46. Nb8 a5 47. Nc6 a4 48. Kd3 Ng4 49. Nd4 e5 50. fxe5 Nxe5+ 51. Ke3 Kd7 0-1

[Event "Barcelona Primavera La Lira op 5th"]
[Site "Barcelona"]
[Date "2012.05.24"]
[Round "6"]
[White "Catarineu Navines, Federico"]
[Black "Juan Bartroli, Pau"]
[Result "1-0"]
[WhiteElo "1965"]
[BlackElo "1896"]
[PlyCount "47"]
[EventDate "2012.04.19"]
[EventType "swiss"]
[EventRounds "9"]
[EventCountry "ESP"]
[SourceTitle "CBM 148 Extra"]
[Source "ChessBase"]
[SourceDate "2012.06.22"]
[SourceVersion "1"]
[SourceVersionDate "2012.06.22"]
[SourceQuality "1"]

1. d4 Nf6 2. c4 e6 3. Nc3 Bb4 4. e3 b6 5. Bd3 Bb7 6. f3 0-0 7. Nge2 c5 8. a3 Bxc3+ 9. bxc3 d5 10. 0-0 Nbd7 11. cxd5 exd5 12. c4 cxd4 13. Nxd4 Ne5 14. cxd5 Nxd5 15. Qd2 Re8 16. Re1 Qh4 17. Bb2 Nxd3 18. Qxd3 Nf4 19. Qf1 Ne6 20. Nf5 Qa4 21. Qf2 Qa5 22. Nxg7 Nxg7 23. Qg3 Kf8 24. Bxg7+ 1-0

[Event "Barcelona Pujol Memorial 3rd"]
[Site "Barcelona"]
[Date "2011.10.26"]
[Round "4"]
[White "Catarineu Navines, Federico"]
[Black "Lecha Gonzalez, Jesus Nicolas"]
[Result "0-1"]
[WhiteElo "1965"]
[BlackElo "2082"]
[PlyCount "58"]
[EventDate "2011.09.28"]
[EventType "swiss"]
[EventRounds "9"]
[EventCountry "ESP"]
[SourceTitle "EXT 2013"]
[Source "ChessBase"]
[SourceDate "2012.11.22"]
[SourceVersion "1"]
[SourceVersionDate "2012.11.22"]
[SourceQuality "1"]

1. e4 c5 2. Nf3 d6 3. c3 Nf6 4. Be2 g6 5. 0-0 Bg7 6. Bb5+ Nbd7 7. Re1 0-0 8. d4 a6 9. Bf1 b5 10. a4 bxa4 11. e5 Ne8 12. e6 fxe6 13. Ng5 Nc7 14. Bc4 d5 15. Nxe6 Nxe6 16. Bxd5 Nb6 17. Bxe6+ Bxe6 18. Rxe6 cxd4 19. Qe1 Nd5 20. Rxa4 Qd7 21. Rexa6 Rxa6 22. Rxa6 dxc3 23. Nxc3 Nxc3 24. bxc3 Bxc3 25. Qe6+ Qxe6 26. Rxe6 Rd8 27. g3 Kf7 28. Re2 Rd1+ 29. Kg2 Rxc1 0-1

[Event "Barcelona La Lira op-A 14th"]
[Site "Barcelona"]
[Date "2011.07.27"]
[Round "5"]
[White "Catarineu Navines, Federico"]
[Black "Montalban Colell, Bernat"]
[Result "1/2-1/2"]
[WhiteElo "1981"]
[BlackElo "1843"]
[PlyCount "56"]
[EventDate "2011.07.23"]
[EventType "swiss"]
[EventRounds "9"]
[EventCountry "ESP"]
[SourceTitle "EXT 2024"]
[Source "ChessBase"]
[SourceDate "2023.10.10"]
[SourceVersion "1"]
[SourceVersionDate "2023.10.10"]
[SourceQuality "1"]

1. e4 e6 2. d4 d5 3. Nc3 Nf6 4. Bg5 Be7 5. e5 Nfd7 6. h4 c5 7. Nb5 f6 8. exf6 Nxf6 9. Bf4 Na6 10. Nf3 0-0 11. Be5 c4 12. Nc3 Bb4 13. Bxf6 Bxc3+ 14. bxc3 Qxf6 15. Qd2 Nc7 16. Rb1 Ne8 17. Qg5 Nd6 18. Qxf6 gxf6 19. Nd2 Bd7 20. Rb2 Rf7 21. Be2 Rg7 22. Bf3 Re8 23. 0-0 Bc6 24. Re1 Nf5 25. Bh5 Ree7 26. Nf3 Nd6 27. Nd2 Nf5 28. Nf3 Nd6 1/2-1/2

[Event "Barcelona La Lira op-A 14th"]
[Site "Barcelona"]
[Date "2011.07.23"]
[Round "1"]
[White "Catarineu Navines, Federico"]
[Black "Barba Rios, Enric"]
[Result "1-0"]
[WhiteElo "1981"]
[BlackElo "1871"]
[PlyCount "93"]
[EventDate "2011.07.23"]
[EventType "swiss"]
[EventRounds "9"]
[EventCountry "ESP"]
[SourceTitle "EXT 2024"]
[Source "ChessBase"]
[SourceDate "2023.10.10"]
[SourceVersion "1"]
[SourceVersionDate "2023.10.10"]
[SourceQuality "1"]

1. e4 c5 2. Nf3 Nf6 3. e5 Nd5 4. c3 Nc6 5. d4 cxd4 6. cxd4 d6 7. Bc4 Nb6 8. Bxf7+ Kxf7 9. Ng5+ Kg8 10. e6 Qe8 11. d5 h6 12. Nf7 Ne5 13. Nxh8 Kxh8 14. 0-0 g5 15. f4 gxf4 16. Rxf4 Bg7 17. Nc3 Nbc4 18. Qf1 b5 19. Nxb5 Qxb5 20. Rf8+ Kh7 21. Qf5+ Ng6 22. Rf7 Nce5 23. Bxh6 Nxf7 24. Bxg7 Nfe5 25. Bxe5 dxe5 26. Qh5+ Kg7 27. Rf1 Qe8 28. h4 Ba6 29. Rf7+ Qxf7 30. exf7 Kxf7 31. Qf5+ Kg7 32. h5 Nh8 33. Qxe5+ Kh6 34. Qe6+ Kxh5 35. Qxa6 Ng6 36. Qb7 Rd8 37. b4 Rd6 38. Qxa7 Rxd5 39. a4 Kg4 40. b5 Nf4 41. Qxe7 Rd1+ 42. Kh2 Rd2 43. Qg7+ Kf5 44. b6 Rd6 45. Qf8+ Ke5 46. b7 Rg6 47. b8Q+ 1-0

[Event "Barcelona Primavera La Lira op 4th"]
[Site "Barcelona"]
[Date "2011.05.19"]
[Round "7"]
[White "Catarineu Navines, Federico"]
[Black "Robla Carreiras, Xavier"]
[Result "1/2-1/2"]
[WhiteElo "1981"]
[BlackElo "1740"]
[PlyCount "46"]
[EventDate "2011.03.31"]
[EventType "swiss"]
[EventRounds "9"]
[EventCountry "ESP"]
[SourceTitle "EXT 2012"]
[Source "ChessBase"]
[SourceDate "2011.11.24"]
[SourceVersion "1"]
[SourceVersionDate "2011.11.24"]
[SourceQuality "1"]

1. e4 c5 2. Nf3 Nc6 3. c3 d5 4. exd5 Qxd5 5. d4 cxd4 6. cxd4 Bg4 7. Be2 e6 8. Nc3 Bb4 9. 0-0 Bxc3 10. bxc3 Nge7 11. h3 Bf5 12. Nh4 0-0 13. Nxf5 Nxf5 14. Bf3 Qd7 15. Rb1 Rac8 16. Re1 Na5 17. Bd2 b6 18. Re2 Nc4 19. Be1 Rfd8 20. Be4 a5 21. Bd3 b5 22. Qb3 Nfd6 23. Bxc4 Rxc4 1/2-1/2

[Event "Barcelona Catalunya op 25th"]
[Site "Barcelona"]
[Date "2011.04.22"]
[Round "7"]
[White "Ramirez Garcia, Jorge Alberto"]
[Black "Catarineu Navines, Federico"]
[Result "1-0"]
[WhiteElo "2264"]
[BlackElo "1981"]
[PlyCount "111"]
[EventDate "2011.04.16"]
[EventType "swiss"]
[EventRounds "9"]
[EventCountry "ESP"]
[SourceTitle "CBM 142 Extra"]
[Source "ChessBase"]
[SourceDate "2011.06.27"]
[SourceVersion "1"]
[SourceVersionDate "2011.06.27"]
[SourceQuality "1"]

1. d4 Nf6 2. Nf3 g6 3. e3 Bg7 4. c4 c5 5. dxc5 Na6 6. Nbd2 Nxc5 7. Be2 d6 8. 0-0 0-0 9. b4 Nce4 10. Bb2 Nxd2 11. Nxd2 Be6 12. Bf3 Qd7 13. Bd4 Bg4 14. Nb3 Bxf3 15. Qxf3 Qc6 16. Qe2 b6 17. a4 Rfc8 18. Rfc1 Nd7 19. a5 d5 20. Bb2 e5 21. cxd5 Qxd5 22. Qd1 Rxc1 23. Rxc1 Qxd1+ 24. Rxd1 Rd8 25. f4 Kf8 26. Bxe5 Bxe5 27. fxe5 Ke7 28. Rd5 Rc8 29. Nd4 Rc4 30. Kf2 Nb8 31. axb6 axb6 32. b5 Nd7 33. Nc6+ Ke8 34. Rd2 Rc5 35. Ra2 Nxe5 36. Ra8+ Kd7 37. Ra7+ Kd6 38. Nxe5 Rxe5 39. Rxf7 Rh5 40. h3 Kc5 41. e4 Kxb5 42. Ke3 Kc5 43. Rc7+ Kd6 44. Rb7 Kc6 45. Rb8 Kc7 46. Rf8 Kc6 47. Kd4 Kd6 48. Rf6+ Kc7 49. e5 Rg5 50. Rf7+ Kc6 51. Rf6+ Kc7 52. g4 h5 53. Rf4 hxg4 54. hxg4 Kc6 55. Re4 b5 56. Ke3 1-0

[Event "Barcelona La Lira Spring op 3rd"]
[Site "Barcelona"]
[Date "2010.04.29"]
[Round "3.1"]
[White "Rosich Valles, Alfredo"]
[Black "Catarineu Navines, Federico"]
[Result "1-0"]
[WhiteElo "2340"]
[BlackElo "1994"]
[PlyCount "23"]
[EventDate "2010.04.15"]
[EventType "swiss"]
[EventRounds "8"]
[EventCountry "ESP"]
[SourceTitle "EXT 2024"]
[Source "ChessBase"]
[SourceDate "2023.10.10"]
[SourceVersion "1"]
[SourceVersionDate "2023.10.10"]
[SourceQuality "1"]

1. e4 d5 2. exd5 Qxd5 3. Nc3 Qa5 4. d4 c6 5. Nf3 Nf6 6. Ne5 Nbd7 7. Nc4 Qc7 8. Qf3 Nb6 9. Bf4 Qd8 10. Ne5 Nbd5 11. Nxd5 Nxd5 12. Nxf7 1-0